Представление документа в формате MARC21

Поле Инд. ПП Название Значение
Тип записи a
Библиографический уровень b
001 Контрольный номер RU/IS/BASE/218124979
005 Дата корректировки 20200522191050.1
008 Кодируемые данные 20061129
040 b Код языка каталог. rus
e Правила каталог. PSBO
041 0_ a Код языка текста rus
084 a Индекс другой классификации/Индекс ББК 63.3(2)44-64; 63.3(4Дан)5-64
100 1_ a Автор Волков В.
q Полное имя Волков Владимир
245 10 a Заглавие Датская угроза от Юрьева Клима
504 a Библиография Библиогр. примеч.
520 a Аннотация Статья посвящена некоторым моментам обострения русско-датских отношений в конце XVI - начале XVII вв., особо рассматривается военно-морской конфликт 1619 - 1623 гг. на Русском Севере
650 a Основная рубрика внешняя политика
a Основная рубрика история
a Основная рубрика международные отношения
653 1_ a Ключевые слова XVI век
a Ключевые слова XVII век
a Ключевые слова Дания
a Ключевые слова история международных отношений
a Ключевые слова Россия
a Ключевые слова русско-датские отношения
773 0_ t Заглавие источника Родина
d Дата издания источника 2006
g Прочая информация № 11. - С. 16
w Контрольный № источника RU/IS/BASE/216311188
901 t Тип документа b